banner koha

Variation of glucoraphanin and glucobrassicin: anticancer components in Brassica during processing (Registro n. 243266)

MARC details
000 -LÍDER
campo de controle de tamanho fixo 01130nas a2200373 4500
001 - NÚMERO DE CONTROLE
campo de controle BR2015002211
003 - IDENTIFICADOR DO NÚMERO DE CONTROLE
campo de controle BR-BrBNA
005 - DATA E HORÁRIO DA ÚLTIMA TRANSAÇÃO
campo de controle 20231205125221.0
007 - CAMPO FIXO DE DESCRIÇÃO FÍSICA--INFORMAÇÃO GERAL
campo de controle de tamanho fixo ta
008 - CAMPO DE DADOS FIXOS--INFORMAÇÃO GERAL
campo de controle de tamanho fixo 230509b bl.|||p| |||| 00| 00por d
040 ## - FONTE DA CATALOGAÇÃO
Instituição da catalogação original BR-BrBNA
Idioma da catalogação por
Instituição que transcreveu o registro Biblioteca Nacional de Agricultura
041 ## - CÓDIGO DE IDIOMA
Código do idioma do texto/trilha sonora ou título diferente (En)
072 ## - CÓDIGO DE CATEGORIA DE ASSUNTO
Código de Categoria de Assunto Q01; J11
100 1# - ENTRADA PRINCIPAL--NOME PESSOAL
Nome pessoal Park, M.-H.
100 1# - ENTRADA PRINCIPAL--NOME PESSOAL
Nome pessoal Arasu, M.V.
100 1# - ENTRADA PRINCIPAL--NOME PESSOAL
Nome pessoal Park, N.-Y.
100 1# - ENTRADA PRINCIPAL--NOME PESSOAL
Nome pessoal Choi, Y.-J.
100 1# - ENTRADA PRINCIPAL--NOME PESSOAL
Nome pessoal Lee, S.-W.
100 1# - ENTRADA PRINCIPAL--NOME PESSOAL
Nome pessoal Al-Dhabi, N.A.
100 1# - ENTRADA PRINCIPAL--NOME PESSOAL
Nome pessoal Kim, J.B.
100 1# - ENTRADA PRINCIPAL--NOME PESSOAL
Nome pessoal Kim, S.-J.
245 1# - TÍTULO
Título Variation of glucoraphanin and glucobrassicin: anticancer components in Brassica during processing
650 ## - ASSUNTO--TERMO TÓPICO
Cabeçalho tópico ou nome geográfico ALIMENTO VEGETAL
650 ## - ASSUNTO--TERMO TÓPICO
Cabeçalho tópico ou nome geográfico ARMAZENAMENTO DE ALIMENTO
650 ## - ASSUNTO--TERMO TÓPICO
Cabeçalho tópico ou nome geográfico COCCAO
650 ## - ASSUNTO--TERMO TÓPICO
Cabeçalho tópico ou nome geográfico PROCESSAMENTO
650 ## - ASSUNTO--TERMO TÓPICO
Cabeçalho tópico ou nome geográfico SEGURANCA ALIMENTAR
650 ## - ASSUNTO--TERMO TÓPICO
Cabeçalho tópico ou nome geográfico CLARIFICACAO
650 ## - ASSUNTO--TERMO TÓPICO
Cabeçalho tópico ou nome geográfico CANCER
773 0# - ENTRADA ANALÍTICA
Título Ciência e Tecnologia de Alimentos (Brazil)
ISSN - International Standard Serial Number ISSN 1678-457X
Partes relacionadas (Oct-Dec 2013), v. 33(4) p. 624-631
Número de controle do registro BR2015002211
856 40 - LOCALIZAÇÃO ELETRÔNICA E ACESSO
Uniform Resource Identifier <a href="http://www.scielo.br/pdf/cta/v33n4/v33n4a05.pdf">http://www.scielo.br/pdf/cta/v33n4/v33n4a05.pdf</a>
909 ## -
-- 202311
-- Lúcia
-- 55
-- Lúcia Elande
942 ## - ELEMENTOS DE ENTRADA ADICIONADOS (KOHA)
Fonte da classificação ou esquema de arquivamento na estante Classificação AGRIS
Ocultar no OPAC Não
Tipo de material Koha Analítica
Exemplares
Situação do descarte Fonte da classificação ou esquema de arquivamento na estante Situação física Não pode ser emprestado Biblioteca de origem Biblioteca atual Localização na estante Enumeração do periódico / cronologia Total de empréstimos Data de último acesso Número do exemplar Tipo de material Koha Fonte de aquisição
  Classificação AGRIS   Consulta local Biblioteca Nacional de Agricultura - Binagri Biblioteca Nacional de Agricultura - Binagri   (Oct-Dec 2013), v. 33(4) p. 624-631   29/11/2023 01 Periódicos Portaria Interministerial nº 164/94

BINAGRI

Telefone: (61)3218-2567/2388/3357/2097 - binagri@agro.gov.br

Ministério da Agricultura e Pecuária , Esplanada dos Ministérios, Bloco D, Anexo B, Brasília/DF, CEP: 70.043-900